Normal view
MARC view
Entry Personal Name
001 - CONTROL NUMBER
- control field: 1015667
003 - CONTROL NUMBER IDENTIFIER
- control field: OSt
005 - DATE AND TIME OF LATEST TRANSACTION
- control field: 20260121155125.0
008 - FIXED-LENGTH DATA ELEMENTS
- fixed length control field: 260121|| aca||aabn | a|a d
040 ## - CATALOGING SOURCE
- Original cataloging agency: OSt
- Transcribing agency: OSt
100 ## - HEADING--PERSONAL NAME
- Personal name: Nicholas Chare; Jeanette Hoorn; Audrey Yue
670 ## - SOURCE DATA FOUND
- Source citation: Work cat.: (OSt)1582486: Nicholas Chare; Jeanette Hoorn; Audrey Yue , Re-reading the Monstrous-Feminine
